000 00234nam a2200097Ia 4500
008 190216s9999||||xx |||||||||||||| ||und||
100 _aKamaleswar
245 0 _aHindi-Subah Dophar Shyam
260 _bUniversity Of Calicut
942 _cBK
999 _c15572
_d15572